Reflected in water : (Record no. 63406)

MARC details
000 -LEADER
fixed length control field 00851nam a22002057a 4500
005 - DATE AND TIME OF LATEST TRANSACTION
control field 20120224115839.0
010 ## - LCCN (DPL NO)
LC control number B-446698
020 ## - INTERNATIONAL STANDARD BOOK NUMBER
International Standard Book Number 9780143100812
Terms of availability 399.00
035 ## - SYSTEM CONTROL NUMBER
System control number B-446698
037 ## - SOURCE OF ACQUISITION
Source of stock number/acquisition Blue Berry/Ven
082 ## - DEWEY DECIMAL CLASSIFICATION NUMBER
Classification number 954.64
245 ## - TITLE STATEMENT
Title Reflected in water :
Statement of responsibility, etc edited by Jerry Pinto
Remainder of title writings on Goa /
260 ## - PUBLICATION, DISTRIBUTION, ETC. (IMPRINT)
Place of publication, distribution, etc New Delhi
Name of publisher, distributor, etc Penguin Books
Date of publication, distribution, etc 2006
270 ## - ADDRESS
Address 11 Community Centre,Panchsheel Park,
City New Delhi
Postal code 110017
300 ## - PHYSICAL DESCRIPTION
Extent xii,295p
Dimensions 22cm(pbk)
Other physical details ill
700 ## - ADDED ENTRY--PERSONAL NAME
9 (RLIN) 42944
Personal name Pinto,Jerry
942 ## - ADDED ENTRY ELEMENTS (KOHA)
Source of classification or shelving scheme Dewey Decimal Classification
Item type English Books
Call number suffix REF
Classification part 954.64
Holdings
Withdrawn status Lost status Not for loan Collection code Home library Current library Date acquired Source of acquisition Cost, normal purchase price Full call number Barcode Copy number Cost, replacement price Koha item type
      Non-fiction Central Library Central Library 06/03/2012 Blue Berry/7045/29.09.2011/06/15.09.2011.09.11.2011 399.00 954.64 REF B-446698 1 399.00 English Books

© Delhi Public Library
Hit Counter
free hit counter